Driving Performance at Ireland's Commission for Regulation of Utilities

Guardado en:
Detalles Bibliográficos
Formato: Libro
Lenguaje:inglés
Publicado: Paris OECD 2018
Colección:<The> Governance of Regulators
Materias:
Etiquetas: Agregar Etiqueta
Sin Etiquetas, Sea el primero en etiquetar este registro!

MARC

LEADER 00000nam a2200000 4500
001 0241626
005 20221220065516.9
020 |a 978-92-64-18994-2 
041 0 |a eng 
044 |a FR 
245 1 0 |a Driving Performance at Ireland's Commission for Regulation of Utilities 
264 1 |a Paris  |b OECD  |c 2018 
300 |a 89 s. 
490 1 |a <The> Governance of Regulators 
830 0 |a <The> Governance of Regulators 
610 2 0 |a regulácia hospodárska 
610 2 0 |a služby verejnoprospešné 
610 2 0 |a podnik štátny 
610 2 0 |a energetika 
610 2 0 |a vodohospodárstvo 
610 2 0 |a bezpečnosť energetická 
610 2 0 |a Írsko